000 00717nam a22001337a 4500
040 _cRUA
082 _aFOR ENG 2009 B138 Or.1
100 _aENG, MENGEY.
245 _aStudy on situation of non timber forest products management in chambok commune, phnomsrouch district, kompong speu, សិក្សាលើស្ថានភាពនៃការគ្រប់គ្រងអនុផលព្រៃឈើក្នុងឃុំចំបក់ ស្រុកភ្នំស្រួច ខេត្តកំពង់ស្ពឺ
260 _aPhnom Penh
_bRUA
_c2009
300 _ax; 50p.
_bill.
_c29cm.
856 _uhttps://drive.google.com/file/d/1_QWzMDWPVKJy2om3q3tOE5ytqSIS5fqp/view?usp=sharing
942 _cFOR
999 _c3400
_d3400